Paroles - Elle écoute pousser les fleurs - Francis Cabrel - Statistiques

Statistiques générales
  • Ce quiz a été pris 36 fois
  • Le résultat moyen est 110 sur 170
Statistiques - réponses
Paroles % Correct
de
100%
des
100%
Des
100%
écoute
100%
Elle
100%
elle
100%
fleurs
100%
la
100%
Le
100%
les
100%
Les
100%
pousser
100%
à
95%
et
95%
Et
95%
du
90%
Au
86%
en
86%
sa
86%
ses
76%
dans
71%
que
71%
un
71%
Avec
67%
jours
67%
lui
67%
milieu
67%
qui
67%
Sur
67%
vie
67%
bruit
62%
faire
62%
moteurs
62%
pour
62%
Quand
62%
quand
62%
temps
62%
fait
57%
je
57%
l'eau
57%
pluie
57%
puis
57%
dit
52%
qu'elle
52%
tous
52%
j'ai
48%
jours
48%
bois
43%
C'est
43%
c'est
43%
couleur
43%
enfant
43%
Mais
43%
mort
43%
n'a
43%
printemps
43%
sait
43%
s'endort
43%
Tout
43%
va
43%
arrive
38%
blancs
38%
chiens
38%
collectionne
38%
Doucement
38%
heures
38%
jamais
38%
l'automne
38%
livres
38%
odeurs
38%
parfum
38%
peur
38%
rien
38%
sera
38%
Terre
38%
tour
38%
aboient
33%
brindilles
33%
cela
33%
d'encens
33%
dîner
33%
doré
33%
entendu
33%
ferme
33%
indiennes
33%
l'hiver
33%
mène
33%
pain
33%
poupées
33%
quatre
33%
rentrée
33%
rue
33%
tapis
33%
vrai
33%
ailes
29%
deux
29%
dormir
29%
fragiles
29%
instants
29%
laine
29%
pigeons
29%
autres
24%
chez
24%
duvet
24%
inutiles,
24%
j'arrive
24%
m'enfuir
24%
mots
24%
premiers
24%
vais
24%
voyage
24%
Juqu'aux
19%
s'emportent
14%
Aucun quiz correspondant
Distribution des résultats
% des personnes avec chaque résultat
Percentile par nombre de réponses
Votre historique - résultats
Vous n’avez pas pris ce quiz